Most Popular Song: Iconic Albums - Statistics

General Stats
  • This quiz has been taken 15 times
  • The average score is 7 of 20
Answer Stats
Album Answer % Correct
Black Sabbath - Paranoid Paranoid
82%
The Beatles - Abbey Road Here Comes the Sun
73%
System Of A Down - Toxicity Chop Suey!
64%
Radiohead - OK Computer No Surprises
64%
Marvin Gaye - What's Going On? What's going on?
64%
The Jimi Hendrix Experience - Electric Ladyland All Along the Watchtower
55%
Stevie Wonder - Songs in the Key of Life Sir Duke
55%
Kendrick Lamar - To Pimp a Butterfly Alright
45%
Kanye West - My Beautiful Dark Twisted Fantasy POWER
45%
Nas - Illmatic N.Y. State of Mind
36%
King Crimson - In the Court of the Crimson King 21st Century Schizoid Man
27%
Lauryn Hill - The Miseducation of Lauryn Hill Doo Wop (That Thing)
18%
Daft Punk - Discovery One More Time
18%
Sade - Diamond Life Your Love is King
18%
Joni Mitchell - Blue A Case of You
9%
Lorde - Melodrama Green Light
9%
Neutral Milk Hotel - In the Aeroplane Over the Sea In the Aeroplane Over the Sea
9%
Björk - Vespertine Pagan Poetry
9%
D'angelo - Voodoo Untitled (How Does it Feel)
9%
Isaac Hayes - Hot Buttered Soul Walk On By
9%
No matching quizzes found
Score Distribution
Percent of People with Each Score
Percentile by Number Answered
Your Score History
You have not taken this quiz